000 02140cam a2200241 4500
001 L136744
008 070221n2007 000 0 eng u
035 _a(Sirsi) u136744
041 0 _aeng
050 _a332.6324 $2 18
110 2 _aParagon Mortgages
_94976
245 0 0 _aParagon Mortgages buy-to-let index
_bJanuary 2007
_h[electronic resource]
260 _aSolihull
_bParagon Mortgages
_c2007
490 0 _aParagon Mortgages Buy to Let index
_vJanuary 2007
505 2 _aHighlights -- Averages -- Rental yield average for England and Wales -- Property value and rental income average for England and Wales -- Landlord property value, rental value, yield and percentage change by region -- Landlord property yields by region -- Landlord property values by region -- Landlord rental incomes by region -- Landlord property value, rental value, yield and percentage change by property type.
520 _aRental yields have remained stable at 6.0% for the fourth consecutive month. Regions with the highest yields in December were Wales, the South West and the North West, all with yields of 6.3%. Average national property value rose 0.3% from £162 304 in November to £162 776 in December. The region with the highest property value is London (£289 558), followed by the South West (£190 635) and the South East (£178 007). Average rental incomes rose from £9 665 in November to £9 700 in December - a monthly increase of 0.4%. The regions with the highest rental income in December were London (£16 389), the South West (£11 990) and the South East (£10 376). Total returns this month stood at 7.2%. In December the region with the highest total returns on a property was the South East (16.1%), followed by the West Midlands (13.5%) and the South West (11.4%).
590 _aKA
650 2 4 _aPARAGON MORTGAGES BUY-TO-LET INDEX
651 4 _aEngland and Wales
_y1543-
690 _aPROPERTY-RESIDENTIAL PROPERTY-RESIDENTIAL PROPERTY MARKET
856 4 0 _uhttps://www.paragon-mortgages.co.uk/Files/PML/BTL%20Index/2007-01%20BTL%20Index.pdf
_zView the index free of charge at www.paragon-mortages.co.uk...
942 _n0
999 _c106496
_d106496